Bandeirantes y pioneros (Record no. 108897)

MARC details
000 -LEADER
campo de control de longitud fija 00775nam a2200229 4500
001 - NÚMERO DE CONTROL
campo de control 108897
003 - IDENTIFICADOR DE NÚMERO DE CONTROL
campo de control ES-MaACL
005 - FECHA Y HORA DE LA ÚLTIMA TRANSACCIÓN
campo de control 20250830220942.0
007 - CAMPO FIJO DE DESCRIPCIÓN FÍSICA--INFORMACIÓN GENERAL
campo de control de longitud fija t|
008 - DATOS DE LONGITUD FIJA--INFORMACIÓN GENERAL
campo de control de longitud fija 061121s1965 sp r ||||1| spa d
100 1# - ENTRADA PRINCIPAL--NOMBRE DE PERSONA
Nombre de persona Moog, Vianna.
9 (RLIN) 82784
245 10 - MENCIÓN DEL TÍTULO
Título Bandeirantes y pioneros
Resto del título : (paralelo entre dos culturas) /
Mención de responsabilidad, etc. Vianna Moog ; traducción por Pilar Vázquez Cuesta.
260 ## - PUBLICACIÓN, DISTRIBUCIÓN, ETC.
Lugar de publicación, distribución, etc. Madrid :
Nombre del editor, distribuidor, etc. Cultura Hispánica,
Fecha de publicación, distribución, etc. 1965.
300 ## - DESCRIPCIÓN FÍSICA
Extensión 397 p. ;
Dimensiones 22 cm.
650 #4 - PUNTO DE ACCESO ADICIONAL DE MATERIA--TÉRMINO DE MATERIA
Término de materia o nombre geográfico como elemento de entrada Bandeirantes.
9 (RLIN) 172673
651 #4 - PUNTO DE ACCESO ADICIONAL DE MATERIA--NOMBRE GEOGRÁFICO
Nombre geográfico Brasil-
Subdivisión general Civilización.
9 (RLIN) 172674
651 #4 - PUNTO DE ACCESO ADICIONAL DE MATERIA--NOMBRE GEOGRÁFICO
Nombre geográfico Estados Unidos-
Subdivisión general Civilización
9 (RLIN) 8535
651 #4 - PUNTO DE ACCESO ADICIONAL DE MATERIA--NOMBRE GEOGRÁFICO
Nombre geográfico Brasil-
Subdivisión general Historia-
Subdivisión cronológica 1548-1822, Época colonial.
9 (RLIN) 172675
700 1# - ENTRADA AGREGADA--NOMBRE PERSONAL
Nombre de persona Vázquez Cuesta, Pilar.
9 (RLIN) 113409
852 ## - LOCALIZACIÓN
Ubicación ES-MaACL
Número de control de estantería C-28128
Holdings
Estatus retirado Estado de pérdida Estado de daño No para préstamo Biblioteca de origen Biblioteca actual Ubicación en estantería Fecha de adquisición Fuente de adquisición Total de préstamos Signatura topográfica completa Código de barras Visto por última vez Precio de reemplazo Tipo de ítem Koha
        Biblioteca del Ateneo de Madrid Biblioteca del Ateneo de Madrid Depósito 2 17/01/2008     C-28128 1113629 23/02/2023 23/02/2023 Libro impreso